000
00469nam a2200181Ia 4500
008
100917s9999 xx 000 0 und d
082
_b
3934
100
_a
अत्रे प्रल्हाद केशव
245
_a
घराबाहेर
260
_b
---
_c
1948
300
_a
106
365
_b
1.5
520
_a
नाटक
630
_a
घराबाहेर
650
_a
नाटक
730
_a
घराबाहेर
942
_c
BOOK
999
_c
609328
_d
609325